00666 2200217 4500001002100000005001700021008004100038020001800079035002400097040001200121082001400133090002100147100001700168245011600185250001000301260005100311300002900362500003000391850001200421990001500433YOGYA-0209000004853820090227032002.0 ind  a979-420-233-9 0010-020900000048538 aYOPDYOG a808.907 2 a808.907 2bHud K aHUD, Benny H aKala dalam novel fungsi dan penerjemahannycbsebua kajian tentang penerjemahan Perancis-IndonesiacBenny H Hoed aCet.1 aYogyakartabGadjah Mada University Pressc1992 axx, 188 hlmbilusc23 cm aBibliografi : lm. 174-181 aYOPDYOG a95P0067970